LIBRARY & INFORMATION CENTRE, KCAET, TAVANUR

ONLINE PUBLIC ACCESS CATALOGUE (OPAC)

Description of devices used in study of wind erosion of soils / (Record no. 2682)

MARC details
000 -LEADER
fixed length control field 00507cam a2200193ua 4500
041 ## - LANGUAGE CODE
Language code of text/sound track or separate title eng
082 ## - DEWEY DECIMAL CLASSIFICATION NUMBER
Classification number 631.45
Item number BOC/DE
100 ## - MAIN ENTRY--AUTHOR NAME
Personal name Bocharov, A P .
245 ## - TITLE STATEMENT
Title Description of devices used in study of wind erosion of soils /
260 ## - PUBLICATION, DISTRIBUTION, ETC. (IMPRINT)
Place of publication New Delhi :
Name of publisher Oxonian Press Pvt Ltd ,
Year of publication 1984.
300 ## - PHYSICAL DESCRIPTION
Number of Pages 90 ; .
942 ## - ADDED ENTRY ELEMENTS (KOHA)
Koha item type Books
Holdings
Withdrawn status Lost status Damaged status Home library Current library Date acquired Full call number Accession Number Koha item type
      KAUAET KAUAET 07/04/2012 631.45 17719 Books
      KAUAET KAUAET 02/09/1986 631.45 15618 Books
Withdrawn   Damaged KAUAET KAUAET 19/08/1986 631.45 15348 Books
free website counter